| 000 | 00922nac a22002771i 4500 | ||
|---|---|---|---|
| 003 | EG-ScBUE | ||
| 005 | 20240919091740.0 | ||
| 008 | 240919t2002 nyua f 001 0 eng d | ||
| 020 | _a071674337X | ||
| 020 | _a9780716743378 | ||
| 040 |
_aEG-ScBUE _beng _erda _cEG-ScBUE _dEG-ScBUE |
||
| 082 | 0 | 4 |
_a512.5 _bSHI _222 |
| 100 | 1 |
_aShifrin, Theodore, _eauthor. |
|
| 245 | 1 | 0 |
_aLinear algebra : _ba geometric approach / _cby Theodore Shifrin, Malcolm R. Adams, University of Georgia. |
| 264 | 1 |
_aNew York : _bW.H. Freeman and Company, _c[2002] |
|
| 264 | 4 | _cc2002 | |
| 300 |
_axviii, 439 pages : _billustrations (some color) ; _c24 cm |
||
| 336 |
_2rdacontent _atext _btxt |
||
| 337 |
_aunmediated _2rdamedia _bn |
||
| 338 |
_avolume _bnc _2rdacarrier |
||
| 500 | _aIncludes index. | ||
| 650 | 7 |
_aAlgebras, Linear. _2BUEsh |
|
| 655 | _vReading book | ||
| 700 | 1 |
_aAdams, Malcolm Ritchie, _eauthor. |
|
| 942 |
_cBB _2ddc |
||
| 999 |
_c5418 _d5418 |
||